[Event "LSS OP-2006-0-00065"]
[Site "LSS email"]
[Date "2006.06.12"]
[Round "?"]
[White "Swetye, Andrew"]
[Black "Buenavista, Perry"]
[Result "0-1"]
[WhiteElo "800"]
[BlackElo "1952"]
[PlyCount "20"]
[EventDate "2006.06.10"]
[EventType "tourn (corr)"]
[EventRounds "4"]
[EventCountry "GER"]
[SourceTitle "Corr 2015"]
[Source "ChessBase"]
[SourceDate "2015.07.17"]
[SourceVersion "1"]
[SourceVersionDate "2015.07.17"]
[SourceQuality "1"]

1. Nf3 d5 2. d4 Nf6 3. e3 c5 4. Bb5+ Bd7 5. dxc5 Bxb5 6. Nc3 Ba6 7. e4 e6 8. Qd4 Nc6 9. Qd3 Bxd3 10. cxd3 dxe4 0-1